Evolution of New Working Spaces Changing Nature and Geographies
Salvato in:
| Natura: | Libro |
|---|---|
| Lingua: | inglese |
| Pubblicazione: |
Cham
Springer Nature Switzerland
2024
|
| Edizione: | 1st Edition |
| Soggetti: | |
| Tags: |
Nessun Tag, puoi essere il primo ad aggiungerne!!
|
MARC
| LEADER | 00000nlm a2200000 4500 | ||
|---|---|---|---|
| 001 | 0299602 | ||
| 005 | 20250729120015.5 | ||
| 020 | |a 978-3-031-50867-7 | ||
| 020 | |a 978-3-031-50868-4 | ||
| 041 | 0 | |a eng | |
| 044 | |a CH | ||
| 245 | 1 | 0 | |a Evolution of New Working Spaces |b Changing Nature and Geographies |
| 250 | |a 1st Edition | ||
| 264 | 1 | |a Cham |b Springer Nature Switzerland |c 2024 | |
| 300 | |a 146 s. | ||
| 610 | 2 | 0 | |a práca |
| 610 | 2 | 0 | |a priestor pracovný |
| 610 | 2 | 0 | |a skupiny pracovné |
| 610 | 2 | 0 | |a tímy pracovné |
| 610 | 2 | 0 | |a coworking |